Регионална библиотека "Любен Каравелов" - Русе

Ти си скъпоценен (Запис номер 112001)

MARC детайли
000 -Лидер
Контролно поле с фиксирана дължина 01323nam a2200313 c 4500
003 - Код на организацията, давaща контролен номер
Контролно поле BLK
005 - Дата и час на последна редакция
Контролно поле 20180422110051.0
008 - Елементи от данни с фиксирана дължина
fixed length control field 180409b bul|||||r ||||||| ||bul||
010 ## - Наследен системен номер
LC control number KNG00117356000
020 ## - Международен стандартен номер на книга ISBN
Международен стандартен номер на книга ISBN 954-407-190-3
-- издат.: Нов човек
040 ## - Източник на каталожния запис
Идентификатор на билиотеката - собственик на записа BLK
041 ## - Код за език
Код за езика на текст/звукозапис или на отделно заглавие Български
Код за езика КДБФ Български
Други езици Английски
080 ## - УДК
Текстов определител УДК Американска литература (на САЩ)
УДК код - определител по УДК 821.111(73)
УДК определител -93-34
УДК - код + определител 821.111(73)-93-34
100 1# - Редна дума - Автор
Автор Лукадо, Макс
Авторска отговорност първи автор
R(LIN) 89761
139 ## - Редно поле
Редна дума Лукадо, Макс
Авторски знак Лук - Л 86
245 10 - Сведения за заглавието
Заглавие Ти си скъпоценен
Редно поле (дума) Макс Лукадо; ил. Серхио Мартинес; прев. от англ. Владимир Николаев Райчинов.
257 ## - Страна на издаване
Страна на създаване/издаване Съединени американски щати
260 ## - Област на издателските данни
-- София
Име на издателя, разпространителя и проч. Нов човек
Година на издаване 2004
Печатница София : Манта принт
300 ## - Физическа характеристика
Страници 32 с.
Илюстрации и др. с цв. ил.
Размери/Мащаб 24 см
380 ## - Жанр
Жанр Детска худож. лит.
500 ## - Общи забележки
Забележка Ориг. загл. You are special / Max Lucado. - Офс. изд. - Парал. текс на англ. ез.
700 1# - Други автори (авторска отговорност)
Лично име Мартинес, Серхио
Автороска отговорност (Описва отношението между автора и произведението) ил.
9 (RLIN) 372366
700 1# - Други автори (авторска отговорност)
Лично име Райчинов, Владимир Николаев
Автороска отговорност (Описва отношението между автора и произведението) прев. от англ.
9 (RLIN) 368024
852 ## - Местоположение
Форматна сигнатура Цб 223795
856 4# - Електронен адрес и достъп
Електронен формат pdf - файл
Път до файла /url/
856 4# - Електронен адрес и достъп
Електронен формат pdf - файл
Път до файла /url/
942 ## - АРТИКУЛИ
Вид на библиотечния материал Книги
Скрит в OPAC Не
944 ## - СЪЗДАВАНЕ И РЕДАКЦИЯ на ЗАПИСА
Създаване/Редакция Създаване
Дата на регистрацията/редакция 18.05.2005
Служител, извършил регистрацията/редакцията Геновева_Генчева
944 ## - СЪЗДАВАНЕ И РЕДАКЦИЯ на ЗАПИСА
Създаване/Редакция Редакция
Дата на регистрацията/редакция 10.06.2005
Служител, извършил регистрацията/редакцията
999 ## - СИСТЕМНИ КОНТРОЛНИ НОМЕРА
Koha biblionumber 112001
Koha biblioitemnumber 112001
Наличности
Код за отписване Код за изгубен артикул Код за повреда Коз за рестрикции Код за отдаване Артикулен № Име на библиотеката - собственик Име на библиотеката, в която се намира в момента Статус (Текущо местоположение) Дата на вписване в системата Местоположение - отдел Цена в лева Инвентарен номер Систематично азбучна сигнатура Баркод Номер на екземпляра Цена в евро Служебна бележка Служебен тип на артикула
  Не е изгубен Не е повреден без рестрикции ползва се в читалня 179689 Регионална библиотека "Любен Каравелов" Русе Регионална библиотека "Любен Каравелов" Русе Хранилище 2005-05-18 Хранилище 0.00 120000694365 Цб 223795 120000694365 1 0.00 Дост: Dp Вид: Д N: 27 Дата: 23.06.2004 Книги
Vip Innovations Ltd, Rousse, Bulgaria 2025